Quiz o EURO 2020 - Statystyki

Ogólne statystyki
  • Ten quiz został rozwiązany 384 razy
  • Średni wynik to 4 z 10
Statystyki odpowiedzi
Zagadnienie Odpowiedź % Poprawnych
Która z tych drużyn zadebiutowała na turnieju rangi Mistrzostw Europy w 2021 r.? Finlandia
80%
Która z tych drużyn zdobyła najwięcej bramek podczas fazy grupowej EURO 2020? Holandia
60%
Kto był strzelcem pierwszego gola w turnieju EURO 2020? Merih Demiral
60%
W której fazie turnieju Anglicy stracili pierwszego gola na EURO 2020? Półfinał
60%
Która z tych drużyn zagrała na największej ilości stadionów na EURO 2020? Belgia
40%
Ile goli samobójczych padło na turnieju EURO 2020? 11
20%
Jaki angielski piłkarz jako jedyny w finale EURO 2020 został ukarany żółtą kartką? Harry Maguire
20%
Która z tych drużyn jako jedyna straciła na turnieju EURO 2020 10 lub więcej goli? Ukraina
20%
Kto był sędzią głównym finału EURO 2020? Björn Kuipers
0%
Który z tych piłkarzy strzelił najwięcej goli na EURO 2020? Emil Forsberg
0%
Nie znaleziono quizów pasujących do podanych kryteriów
Rozkład punktacji
Procent ludzi z każdym wynikiem
Percentyl według liczby udzielonych odpowiedzi
Twoja historia wyników
Nie rozwiązałeś tego quizu